| 000 | 02277cam a2200529Ii 4500 | ||
|---|---|---|---|
| 003 | PE-LiUPU | ||
| 005 | 20250731172845.0 | ||
| 008 | 150326t20152015mnu b 001 0deng d | ||
| 020 |
_a1451490089 _q(pbk. ; _qalk. paper) |
||
| 020 |
_a9781451490084 _q(pbk. ; _qalk. paper) |
||
| 035 | _a(Sirsi) i9781451490084 | ||
| 040 |
_aBTCTA _bspa _erda _cBTCTA _dYDXCP _dBDX _dTUU _dOCLCF _dDTM _dLNT _dCDX _dOCLCQ _dNGU _dPE-LiUPU |
||
| 049 | _aPRUA | ||
| 082 | 0 | 4 |
_a284.1092 _bS29 _220 |
| 100 | 1 |
_aSchwarz, Hans, _d1939-, _eautor. |
|
| 245 | 1 | 0 |
_aTrue faith in the true God : _bAn introduction to Luther's life and thought / _cHans Schwarz ; [translated by Mark William Worthing]. |
| 250 | _aRevised and expanded edition. | ||
| 264 | 1 |
_aMinneapolis : _bFortress Press, _c[2015] |
|
| 300 |
_aix, 295 páginas ; _c23 centímetros. |
||
| 336 |
_atext _2rdacontent |
||
| 337 |
_aunmediated _2rdamedia |
||
| 338 |
_avolume _2rdacarrier |
||
| 504 | _aBibliografía : páginas 281-285. | ||
| 504 | _aÍndices : páginas 287-295. | ||
| 505 | 0 | _aLuther's life and work -- True knowledge of God -- Faith and reason -- The divinity of God -- Humanity between God and Satan -- The ordering activity of God (the Two Kingdoms) -- Scripture alone -- Law and Gospel -- Church and sacraments -- Love, marriage, and parenthood -- Vocation -- The impact on education -- Luther and the economy -- Luther and music. | |
| 526 | _aSEG42 | ||
| 526 | _aSEG41 | ||
| 526 | _aSEG40 | ||
| 526 | _aSEG39 | ||
| 526 | _aP94 | ||
| 526 | _aP87 | ||
| 526 | _aP86 | ||
| 526 | _aP85 | ||
| 526 | _aP77 | ||
| 526 | _aP76 | ||
| 526 | _aP35 | ||
| 600 | 1 | 0 |
_aLuther, Martin, _d1483-1546. |
| 650 | 0 |
_aReforma _vBiografía. |
|
| 700 | 1 |
_a Worthing, Mark William, _etraductor. |
|
| 910 |
_jck _bhop _chop _d20160530 |
||
| 942 |
_2ddc _cBOOK |
||
| 949 |
_a284.1092 _wDEWEY _c1 _i73225 _d2016-6-6 _e2016-6-5 _lCCODEBUL1 _mBUL _n2 _p30.80 _r0 _sY _tBOOK _u2016-5-30 _xTEOLOGIA _PP85 _0COMPRA _o.STAFF. Posgrado |
||
| 994 |
_aC0 _bPEPRU |
||
| 596 | _a1 | ||
| 999 |
_a284.1092 S29 _wDEWEY _c9660 _i73225 _d9660 _e2016-6-5 _f2021-11-11 _g5 _lCCODEBUL1 _mBUL _n2 _p30.80 _q3 _r0 _sY _tBOOK _u2016-5-30 _xTEOLOGIA _PP85 _0COMPRA _o.STAFF. Posgrado |
||
| 980 |
_81 _gALBERTO SANCHEZ Responsable de Automatización |
||